• 首页
  • 本馆介绍
  • 公告通知
  • 最新文献
  • 馆藏检索
  • 电子资源
  • 读者导购
  • 参考咨询
  • 我的图书馆
  • 登录
  • 详细信息显示
  • 放入我的书架
  • 随书关联资源信息
  • 预约/预借图书
  • 作者相关作品
  • 分类相关作品
  • 丛书相关作品
  • 出版社相关作品

书目信息

  • 表格格式
  • 工作单格式
  • 卡片格式
题名:
ASP + SQL Server典型网站建设案例
    
 
作者: 顼宇峰 编著
分册:  
出版信息: 北京   清华大学出版社  2006
页数: 12,442页
开本: 26cm
丛书名: 网站开发非常之旅
单 册:
中图分类: TP311.138SQ , TP393.409.2 , TP393.092
科图分类:
主题词: 互联网络--建设--网站 , 互联网络--数据库管理系统--关系型数据库 , 计算机应用
电子资源:
ISBN: 7-302-11996-1(含光盘)
000 01198nam0 2200325 450
000 01150nam0 2200301 450
000 01076nam0 2200277 450
000 01039nam0 2200265 450
005 20070602151818.93
010    @a7-302-11996-1(含光盘)@dCNY45.00
100    @a20060104d2006 em y0chiy50 ea
101 0  @achi
102    @aCN@b110000
105    @ay z 000yy
200 1  @aASP + SQL Server典型网站建设案例@AASP + SQL Server Dian Xing Wang Zhan Jian She An Li@b专著@f顼宇峰编著@FXu Yu Feng Bian Zhu
210    @a北京@c清华大学出版社@d2006
215    @a12,442页@d26cm@e光盘1张
225 2  @a网站开发非常之旅@e珍藏版
307    @a附光盘:ISBN 7-89494-894-2
330    @a本书精选了8个ASP + SQL Server开发系统应用案例,分别是在线考试系统、留言簿系统、网上讨论区系统、网上售书系统、校友录系统、图书馆管理系统、在线点歌系统和电子商务系统。
410  0 @12001 @a网站开发非常之旅
606 0  @a互联网络@x建设@x网站
606 0  @a互联网络@x数据库管理系统@x关系型数据库
606 0  @a计算机应用
690    @aTP311.138SQ@v4
690    @aTP393.409.2@v4
690    @aTP393.092@v3
701  0 @a顼宇峰@AXu Yu Feng@4编著
801  0 @aCN@bTAOJIN@c20070602
905    @a10447@dTP393.092@e280
    
    ASP + SQL Server典型网站建设案例/顼宇峰编著.-北京:清华大学出版社,2006
    12,442页;26cm+光盘1张.-(网站开发非常之旅:珍藏版)
    
    
    ISBN 7-302-11996-1(含光盘):CNY45.00
    本书精选了8个ASP + SQL Server开发系统应用案例,分别是在线考试系统、留言簿系统、网上讨论区系统、网上售书系统、校友录系统、图书馆管理系统、在线点歌系统和电子商务系统。
●
相关链接 在E读中查询图书 在五车中查询图书 在当当中查询图书 在豆瓣中查询图书


正题名:ASP + SQL Server典型网站建设案例     索取号:TP393.092/280         预约/预借

序号 登录号 条形码 馆藏地/架位号 状态 备注
1 0525018   205250182   第二样本阅览室/ [索取号:TP393.092/280] 在馆    
2 0525019   205250191   第三借阅区/ [索取号:TP393.092/280] 在馆    
3 0525020   205250208   第三借阅区/ [索取号:TP393.092/280] 在馆    
4 0525021   205250217   密集书库/ [索取号:TP393.092/280] 在馆    
5 0525022   205250226   第三借阅区/ [索取号:TP393.092/280] 在馆    
6 0525023   205250235   密集书库/ [索取号:TP393.092/280] 在馆    
7 0525024   205250244   第三借阅区/ [索取号:TP393.092/280] 在馆    
8 0525025   205250253   第三借阅区/ [索取号:TP393.092/280] 在馆    

本书有关联资源:

1 .光盘  /ISO  :ASP + SQL Server典型网站建设案例 /顼宇峰编著 下载
唐山师范学院图书馆 欢迎您!
大连网信软件有限公司© 版权所有